000 01623cam a2200433 a 4500
001 21994
003 VRT
005 20260317143424.0
008 240709s1998 xo gr 000 f slo
015 _aSNBA1999/07-02385
020 _a8071186597
_q(viazané)
035 _aSNK000310226
035 _aurn:nbn:sk:snk-amkj0c
035 _aurn:nbn:sk:snk-am008hm4
035 _aDDB0C95D-1565-4603-BF9B-232C2FFFBBFA
039 9 _a202408131355
_bmsnk24
_c202408011147
_dAUTHORITY
_c202408011138
_dAUTHORITY
_c202408011137
_dcsnk01
040 _aSNK
_bslo
_cSNK
_eAACR2
041 1 _aslo
_heng
044 _axo
_cSK
072 7 _a821.111-3
_xAnglická próza, anglicky písaná
_2konspekt
080 _a821.111-31
_22011
080 _a(0:82-312.5)
_22011
100 1 _aStratton, Penelope
_4aut
240 1 4 _aThe devil's bride
_lSlovensky
245 1 0 _aDiablova nevesta
_cPenelope Strattonová ; z anglického originálu The devil's bride ... preložila Jana Melcerová
260 _aBratislava
_bIkar
_c1998
300 _a184 strán
_c20 cm
655 7 _aanglické romány
_2SNKPH
655 7 _aľúbostné romány
_2SNKPH
700 1 _aMelcerová, Jana
_4trl
942 _2ddc
_cKLDO
_n0
949 _62889351736
_asavukPV 1407
949 _6270001000013490
_asvkbbA 99437
_bsvkbbm 625984
_p625.984
949 _6273K0096282
_asvkpoA 173954
_bsvkpo433385
949 _617A0183408
_9P60, <03>, [BOOK], {603}
_asnkSC 98009
_bsnkKSP 2304/99
_s6100:20140925
949 _617A0183409
_9P60, <05>, [BOOK], {605}
_asnkSC 98009 D1
_bsnkKSP 2305/99
999 _c21994
_d21994